000
00300nam a2200109 4500
999
_c
10968
_d
10968
008
181002b ||||| |||| 00| 0 eng d
245
_a
100% passing for ADDU grads.
260
_a
Davao City
_b
Sun Star Davao
_c
c2016
300
_a
page 11.
650
0
_9
31870
_a
Licensure-Examinations.
942
_2
ddc
_c
PER